Àrea Jove : ... ...
Descripción Física:
21 cm
MARC
| LEADER | 00000nam a2200000Ia 4500 | ||
|---|---|---|---|
| 001 | 24608, 11086, 11085, 13144 | ||
| 008 | 160829s1990 - xx 000 0 cat d | ||
| 080 | |a Bib-265, S-1-81, S-1-82, S-1-171 | ||
| 245 | |a Àrea Jove : |b ... | ||
| 250 | |a Ed. no venal | ||
| 260 | |a Barcelona : |b Diputació de Barcelona. Area de Cultura. Oficina del Pla Jove, |c 1990 - | ||
| 300 | |a 21 cm | ||
| 590 | |a Títol variant: Àrea Jove, de la A a la Z | ||
| 650 | |a Joves |x Serveis socials |x Barcelona (Província) |9 33204 | ||
| 710 | 1 | |a Barcelona (Catalunya : Província). |b Oficina del Pla Jove |9 52707 | |
| 866 | |a 1989, 1990 - 1991, 1994 - 1995, 2001 - 2003 | ||
| 901 | |a Arxiu | ||
| 942 | |n 1 | ||
| 952 | |0 0 |1 0 |4 0 |6 BIB265_S181_S182_S1171 |7 1 |9 55136 |a Arxiu |b Arxiu |d 2016-12-01 |l 0 |o Bib-265, S-1-81, S-1-82, S-1-171 |p 24608, 11086, 11085, |r 2016-12-01 00:00:00 |w 2016-12-01 |y ARXIU | ||
| 999 | |c 59008 |d 59008 | ||